000 00844nam a2200181Ia 4500
008 100921s9999 xx 000 0 und d
082 _b29146
_a920.72 थ 97
100 _aदेशपांडे कृ.पं.(शशीकांत.).
245 _aदीनांची साउली-सावित्रीबाई फुले.
260 _bनुतन प्रकाशन, पुणे.
_c1997
300 _a80
_bकल्याणी सप्लायर्स
365 _b30
520 _aचरित्रे-स्त्रयिा.
630 _aदीनांची साउली-सावित्रीबाई फुले.
650 _aचरित्रे-स्त्रयिा.
730 _aदीनांची साउली-सावित्रीबाई फुले.
942 _cBOOK
999 _c778259
_d778256